| 000 | 00650nam a22002297a 4500 | ||
|---|---|---|---|
| 003 | OSt | ||
| 005 | 20140310181707.0 | ||
| 008 | 121123t xxu||||| |||| 00| 0 eng d | ||
| 020 | _a0812564839 | ||
| 050 |
_aPR 4622 _b.D754 1993 |
||
| 082 |
_aCLA _bD77l 1993 |
||
| 100 |
_aDoyle, Sir Arthur Conan _93375 |
||
| 245 |
_aThe lost world / _cSir Arthur Conan Doyle |
||
| 260 |
_aNew York : _bTom Doherty Associates, Inc., _cc1993. |
||
| 300 |
_a248 p. _c17 cm. |
||
| 521 | _aGrade 7 | ||
| 541 | _j1 | ||
| 562 | _e1 | ||
| 650 |
_aFiction _xDinosaurs _93558 |
||
| 650 |
_aDinosaurs _x20th century _xJungle expedition. _93559 |
||
| 942 |
_2lcc _cBBK _kCLA |
||
| 999 |
_c1369 _d1369 |
||